ბათუმის შოთა რუსთაველის სახელმწიფო უნივერსიტეტის ბიბლიოთეკა

Мистерии древности и христианство / (ბიბ.ჩანაწერი № 61417)

000 -LEADER
fixed length control field 00662nam a22001697a 4500
005 - DATE AND TIME OF LATEST TRANSACTION
control field 20240311123056.0
008 - FIXED-LENGTH DATA ELEMENTS--GENERAL INFORMATION
fixed length control field 240311s1990 ru ||||| |||| 00| 0 rus d
020 ## - INTERNATIONAL STANDARD BOOK NUMBER
International Standard Book Number 576640011Х
041 ## - LANGUAGE CODE
Language code of text/sound track or separate title rus
080 ## - UNIVERSAL DECIMAL CLASSIFICATION NUMBER
Universal Decimal Classification number 27-9 Ш-88
100 ## - MAIN ENTRY--PERSONAL NAME
Personal name Штейнер, Рудольф
9 (RLIN) 21375
245 ## - TITLE STATEMENT
Title Мистерии древности и христианство /
Statement of responsibility, etc. Рудольф Штейнер.
264 ## - PRODUCTION, PUBLICATION, DISTRIBUTION, MANUFACTURE, AND COPYRIGHT NOTICE
Place of production, publication, distribution, manufacture Москва
Name of producer, publisher, distributor, manufacturer «Духовное знание»,
Date of production, publication, distribution, manufacture, or copyright notice 1990.
300 ## - PHYSICAL DESCRIPTION
Extent 125 с.:
Other physical details 20 см.
653 ## - INDEX TERM--UNCONTROLLED
keyword ანტიკურობისა და ქრისტიანობის საიდუმლოებები
942 ## - ADDED ENTRY ELEMENTS (KOHA)
Source of classification or shelving scheme
Koha item type წიგნი
ეგზემპლარები
Withdrawn status Lost status Source of classification or shelving scheme Damaged status Not for loan Permanent Location Current Location Shelving location Date acquired Cost, normal purchase price Full call number Barcode Date last seen Copy number Price effective from Koha item type Public note
          ბათუმის შოთა რუსთაველის სახელმწიფო უნივერსიტეტის მთავარი ბიბლიოთეკა ბათუმის შოთა რუსთაველის სახელმწიფო უნივერსიტეტის მთავარი ბიბლიოთეკა წიგნსაცავი 2024-03-11 4.00 27-9 Ш-88 65766 2024-03-11 65766 2024-03-11 წიგნი 4 ლ.